| 000 | 00509nam a22001817a 4500 | ||
|---|---|---|---|
| 999 |
_c7443 _d7443 |
||
| 003 | OSt | ||
| 005 | 20211111104058.0 | ||
| 008 | 211111b ||||| |||| 00| 0 eng d | ||
| 040 | _cDDC | ||
| 082 | _a005.13 BEL 2010 | ||
| 100 |
_aBell, Douglas: Mike Parr _915259 |
||
| 245 | _aJava for Students | ||
| 260 |
_aEngland _bPearson education limited _c2010 |
||
| 300 |
_axxiii,528p.: _bill; _c25cm |
||
| 504 | _aincludes appendices and index | ||
| 650 |
_aJava (Computer program language) _9676 |
||
| 942 |
_2ddc _cBOOK |
||